Normal view
MARC view
- Hygrometry
Entry Topical Term
001 - CONTROL NUMBER
- control field: 45735
003 - CONTROL NUMBER IDENTIFIER
- control field: NUST
005 - DATE AND TIME OF LATEST TRANSACTION
- control field: 20210314133329.0
008 - FIXED-LENGTH DATA ELEMENTS
- fixed length control field: 210314|| aca||aabn | a|a d
040 ## - CATALOGING SOURCE
- Original cataloging agency: NUST
- Transcribing agency: NUST
150 ## - HEADING--TOPICAL TERM
- Topical term or geographic name entry element: Hygrometry
670 ## - SOURCE DATA FOUND
- Source citation: Work cat.: (NUST): Trane Company. 41868, Trane air conditioning manual., [1955]
